000 00566nam a2200133Ia 4500
008 100415s9999 xx 000 0 und d
082 _b15873
_a598.2(91)
245 _aEMU: Journal of the Royal Australian Ornithologist Union: 019871 - vol.85(1-4); 1985: - vol.90(1-4); 1990
260 _c0
365 _b0
630 _aEMU: Journal of the Royal Australian Ornithologist Union: 019871 - vol.85(1-4); 1985: - vol.90(1-4); 1990
730 _aEMU: Journal of the Royal Australian Ornithologist Union: 019871 - vol.85(1-4); 1985: - vol.90(1-4); 1990
942 _cBOOK
999 _c598771
_d598768